000 00757nam a22002537a 4500
999 _c7078
_d7078
001 7078
003 BD-JhCC
005 20180204180429.0
008 731001s1967 enk 000 1 eng
035 _a(BD-JhCC)7078
040 _aDLC
_cDLC
_dUKM
_dEQO
_dBD-JhCC
041 _aeng
050 0 0 _aPZ3.W356
_bLo7
082 0 4 _a823.912
_218
_bWAU 1967
100 1 _aWaugh, Evelyn,
_d1903-1966.
245 1 4 _aThe loved one /
_cwith introduction, glossary and notes by Linton Stone.
260 _aLondon :
_bHeinemann,
_c1967.
300 _a 102 p.
_c18 1/2 cm.
650 0 _aMotion picture industry
_zCalifornia
_zLos Angeles
_vFiction.
650 0 _aReaders.
650 0 _aEnglish Fiction
651 0 _aHollywood (Los Angeles, Calif.)
_xFiction.
942 _2ddc
_cBK